Lynx twins grow up / (Record no. 3242)

MARC details
000 -LEADER
fixed length control field 00967cam a2200301 a 4500
005 - DATE AND TIME OF LATEST TRANSACTION
control field 20250526081400.0
020 ## - INTERNATIONAL STANDARD BOOK NUMBER
International Standard Book Number 9781931465199
040 ## - CATALOGING SOURCE
Original cataloging agency DLC
Transcribing agency DLC
Modifying agency DLC
Language of cataloging eng
050 00 - LIBRARY OF CONGRESS CALL NUMBER
Classification number PZ10.3.S6548
Item number Ly 2002
082 00 - DEWEY DECIMAL CLASSIFICATION NUMBER
Classification number 599.75
100 1# - MAIN ENTRY--PERSONAL NAME
Personal name Smith, Stephanie
Dates associated with a name 1976-
245 10 - TITLE STATEMENT
Title Lynx twins grow up /
Statement of responsibility, etc. by Smith, Stphanie ; illustrated by Hynes, Robert
250 ## - EDITION STATEMENT
Edition statement First edition 2002
260 ## - PUBLICATION, DISTRIBUTION, ETC.
Place of publication, distribution, etc. Norwalk :
Name of publisher, distributor, etc. Soundprints,
Date of publication, distribution, etc. 2002
300 ## - PHYSICAL DESCRIPTION
Extent 48 pages :
Other physical details color illustrations ;
Dimensions 24 cm .
490 ## - SERIES STATEMENT
Series statement Smithsonian Institution
505 ## - FORMATTED CONTENTS NOTE
Formatted contents note J <br/>
520 ## - SUMMARY, ETC.
Summary, etc. Two lynx kittens learn to care for themselves and avoid danger in their forest home.
521 2# - TARGET AUDIENCE NOTE
Target audience note 490 <br/>
Source Lexile <br/>
521 2# - TARGET AUDIENCE NOTE
Target audience note J <br/>
Source Raz-Plus <br/>
650 #0 - SUBJECT ADDED ENTRY--TOPICAL TERM
Topical term or geographic name entry element Lynx
Form subdivision Juvenile fiction
650 #1 - SUBJECT ADDED ENTRY--TOPICAL TERM
Topical term or geographic name entry element Lynx
Form subdivision Fiction
650 #1 - SUBJECT ADDED ENTRY--TOPICAL TERM
Topical term or geographic name entry element Animals
General subdivision Infancy
Form subdivision Fiction
700 1# - ADDED ENTRY--PERSONAL NAME
Personal name Hynes, Robert
Relator term illustrator
906 ## - LOCAL DATA ELEMENT F, LDF (RLIN)
a 7
b cbc
c orignew
d 1
e ocip
f 20
g y-gencatlg
942 ## - ADDED ENTRY ELEMENTS (KOHA)
Source of classification or shelving scheme Dewey Decimal Classification
Koha item type Books
Suppress in OPAC No
999 ## -
-- 3242
-- 3242
Holdings
Withdrawn status Lost status Source of classification or shelving scheme Damaged status Not for loan Collection Home library Current library Shelving location Date acquired Total Checkouts Full call number Barcode Date last seen Date last checked out Copy number Price effective from Koha item type
    Dewey Decimal Classification     Non-Fiction Footprints International School Library Network Toul Tom Poung Campus Footprints International School Library Network Toul Kork Campus TTP Primary Dark Blue Bookshelves 02/21/2024 2 SMI 599.75 PZ10.S6548 FIS03506 07/22/2025 07/14/2025 1 02/21/2024 Books
    Dewey Decimal Classification     Non-Fiction Footprints International School Library Network Toul Kork Campus Footprints International School Library Network Toul Kork Campus TK Primary Library Room(4th Floor), Bookcase 1&2, Shelves 1-16, Dark Blue Books 05/26/2025 1 SMI 599.75 PZ10.S6548 FISTK01085 11/20/2025 11/13/2025 2 05/26/2025 Books